01822cam a22005054i 4500003000900000005001700009008004100026020001500067035002700082040003300109049000900142082002100151100003200172245006600204264005500270300003800325336002100363337002500384338002300409505008900432526001000521526001000531526000900541526000900550526000900559526000900568526000900577526000900586526000900595526000800604526000800612526000800620526000800628526000800636630004200644650003500686910001800721942001400739949016100753994001400914596000600928999017600934980005501110952015101165PE-LiUPU20250731165628.0150616s r 000 0 d a0801067154 a(Sirsi) i9780801067150 aPE-LiUPUbspacPE-LiUPUerda aPRUA04a221.07dbO942211 aOwens, John Joseph,eautor.10aAnalytical Key to the Old Testament.n3 /cJohn joseph Owens. 1aGrand Rapids, Michigan :bBaker Book House,c1993. a660 páginas ;c26 centímetros atext2rdacontent aunmediated2rdamedia avolume2rdacarrier0 aEzra.- Nehemiah.- Esther.- Job.- Psalms.- Proverbs.- Ecclesiaites.- Song of Solomon. aSEG44 aSEG26 aP151 aP150 aP149 aP146 aP145 aP126 aP125 aP92 aP75 aP74 aP27 aP1504aBiblia.pA.T.xEstudio y enseñanza.14aHebreo bíblicoxInflexión. ajckbjvqcjck 2ddccBOOK aRC 221.07D O94 3wDEWEYc1i39768d2016-8-17e2016-8-17lCCODEBUL1mBULn3q4r0sYtBOOKu2015-6-16xTEOLOGIAzUNKNOWN0COMPRAo.STAFF. Colección General aC0bPEPRU a1 aRC 221.07D O94 3wDEWEYc57419i39768d57419e2016-8-17f2021-11-8g6lCCODEBUL1mBULn3q30r1sYtBOOKu2015-6-16xTEOLOGIAzUNKNOWN0COMPRAo.STAFF. Colección General 81gALBERTO SANCHEZ Responsable de Automatización r2025-12-02 00:00:00i7l3oRC 221.07D O94 3p39768s2016-08-17te1w2015-06-16xFTyREF102ddc50718REFfP35aBULbBULcREFd2015-06-16eCOMPRA